|
|
|
|
| LEADER |
00000nam0a2200000 4500 |
| 001 |
291260 |
| 005 |
20231102000353.0 |
| 035 |
|
|
|a (RuTPU)RU\TPU\book\315825
|
| 090 |
|
|
|a 291260
|
| 100 |
|
|
|a 20150413d2014 k y0rusy50 ca
|
| 101 |
0 |
|
|a rus
|
| 102 |
|
|
|a RU
|
| 105 |
|
|
|a a dm 001zy
|
| 200 |
1 |
|
|a Согласованный режим работы трёхфазной трёхпроводной высоковольтной линии электропередачи
|e автореферат диссертации на соискание ученой степени кандидата технических наук
|e спец. 05.14.02
|f В. А. Козлов
|g Братский государственный университет (БрГУ), Кафедра электроэнергетики и электротехники ; науч. рук. Г. А. Большанин
|
| 210 |
|
|
|a Томск
|c [Б. и.]
|d 2014
|
| 215 |
|
|
|a 24 с.
|c ил.
|
| 300 |
|
|
|a Защита сост. 18.02.2015 г.
|
| 320 |
|
|
|a Библиогр.: с. 23-24 (6 назв.).
|
| 452 |
|
1 |
|0 (RuTPU)RU\TPU\book\291545
|t Согласованный режим работы трёхфазной трёхпроводной высоковольтной линии электропередачи
|o автореферат диссертации на соискание ученой степени кандидата технических наук
|o спец. 05.14.02
|f В. А. Козлов
|g Братский государственный университет (БрГУ) ; науч. рук. Г. А. Большанин
|c Томск
|d 2014
|a Козлов, Виктор Александрович
|
| 606 |
1 |
|
|a Электрические линии передачи, высоковольтные
|x Эксплуатация
|2 stltpush
|3 (RuTPU)RU\TPU\subj\27062
|9 50869
|
| 610 |
1 |
|
|a трехпроводные высоковольтные линии
|
| 610 |
1 |
|
|a электрическая нагрузка
|
| 610 |
1 |
|
|a согласование
|
| 610 |
1 |
|
|a автоматическое управление
|
| 610 |
1 |
|
|a компенсирующие устройства
|
| 610 |
1 |
|
|a экономическое обоснование
|
| 610 |
1 |
|
|a авторефераты диссертаций
|
| 675 |
|
|
|a 621.315.17.027(04)
|v 3
|
| 686 |
|
|
|a 05.14.02
|2 oksvnk
|
| 700 |
|
1 |
|a Козлов
|b В. А.
|g Виктор Александрович
|
| 702 |
|
1 |
|a Большанин
|b Г. А.
|g Георгий Анатольевич
|4 727
|
| 712 |
0 |
2 |
|a Братский государственный университет (БрГУ)
|b Кафедра электроэнергетики и электротехники
|c (2004- )
|2 stltpush
|3 (RuTPU)RU\TPU\col\15007
|
| 801 |
|
1 |
|a RU
|b 63413507
|c 20150413
|
| 801 |
|
2 |
|a RU
|b 63413507
|c 20150914
|g RCR
|
| 942 |
|
|
|c BK
|